00376nam a2200085Ia 4500008004100000245012800041260000900169300008800178650002400266180130s9999 xx 000 0 und d cJasny, Barbara R.aRealities of data sharing using the genome wars as case study - an historical perspective and commentary c2016 aBook title: Knowledge discovery in databases--Acession number C20553; pages 192-206 aKNOWLEDGE DISCOVERY